Sex and psycho-somatology; (Record no. 38239)
[ view plain ]
| 000 -LEADER | |
|---|---|
| fixed length control field | 00853cam a22002291 4500 |
| 001 - CONTROL NUMBER | |
| control field | med47001006 |
| 003 - CONTROL NUMBER IDENTIFIER | |
| control field | DLC |
| 005 - DATE AND TIME OF LATEST TRANSACTION | |
| control field | 20260227111601.0 |
| 008 - FIXED-LENGTH DATA ELEMENTS--GENERAL INFORMATION | |
| fixed length control field | 820821s1947 xx 000 0 eng |
| 010 ## - LIBRARY OF CONGRESS CONTROL NUMBER | |
| LC control number | med47001006 |
| 035 ## - SYSTEM CONTROL NUMBER | |
| System control number | (OCoLC)14683049 |
| 040 ## - CATALOGING SOURCE | |
| Original cataloging agency | DLC |
| Transcribing agency | DNLM |
| Modifying agency | DLC |
| 042 ## - AUTHENTICATION CODE | |
| Authentication code | premarc |
| 050 00 - LIBRARY OF CONGRESS CALL NUMBER | |
| Classification number | RC881 |
| Item number | .C38 |
| 060 0# - NATIONAL LIBRARY OF MEDICINE CALL NUMBER | |
| Classification number | W6 |
| Item number | P3 v.5748 |
| 100 1# - MAIN ENTRY--PERSONAL NAME | |
| Personal name | Cauldwell, David O., |
| Dates associated with a name | 1896- |
| 245 10 - TITLE STATEMENT | |
| Title | Sex and psycho-somatology; |
| Remainder of title | a study of the various aspects of the relation of psycho-somatic medicine to sexuality and sexual disorders, including important endocrine data ... |
| 260 ## - PUBLICATION, DISTRIBUTION, ETC. | |
| Place of publication, distribution, etc. | Girard, Kan., |
| Name of publisher, distributor, etc. | Haldeman-Julius pubns. |
| Date of publication, distribution, etc. | [1947] |
| 300 ## - PHYSICAL DESCRIPTION | |
| Extent | 32 p. |
| 500 ## - GENERAL NOTE | |
| General note | Edited by E. Haldeman-Julius; includes his "Notes and comments ... reprinted from The American freeman." |
| 700 2# - ADDED ENTRY--PERSONAL NAME | |
| Personal name | Haldeman-Julius, E. |
| Fuller form of name | (Emanuel), |
| Dates associated with a name | 1888-1951. |
No items available.